000 00379nam a2200133Ia 4500
008 220217s9999||||xx |||||||||||||| ||und||
020 _a9780387292212
082 _a621.392 BER
100 _aBergeron, Janick
_98159
245 0 _aWriting test benches using system verilog
260 _aSpringar publications
_bNew Delhi
_c2009
300 _aXXVI, 412
_b995
650 _aVHDL
999 _c182883
_d182883